000 00279nam a22001217a 4500
008 180924b xxu||||| |||| 00| 0 eng d
041 _aeng
080 _a159.9
100 _a49
101 _aPSI
245 _aTransactional Analysis in Psychotherapy
_cBerne, E
942 _2udc
_cBK
999 _c48394
_d48394